| 000 | 00632cam a2200217 4500500 | ||
|---|---|---|---|
| 005 | 20260405003141.0 | ||
| 041 | _afre | ||
| 042 | _adc | ||
| 100 | 1 | 0 |
_aTenaillon, Nicolas _eauthor |
| 245 | 0 | 0 | _aL’Âge du capitalisme de surveillance |
| 260 | _c2020. | ||
| 500 | _a67 | ||
| 690 | _aGafa | ||
| 690 | _aGafam | ||
| 690 | _aNumérique | ||
| 690 | _aShoshana Zuboff | ||
| 690 | _aSurveillance | ||
| 690 | _aTechnologie | ||
| 786 | 0 | _nPhilosophie magazine | 143 | 10 | 2020-10-01 | p. 59-60 | 1951-1787 | |
| 856 | 4 | 1 | _uhttps://shs.cairn.info/magazine-philosophie-magazine-2020-10-page-59?lang=fr&redirect-ssocas=7080 |
| 999 |
_c2064838 _d2064838 |
||